|
|
|
|
| LEADER |
02350nam a22002897a 4500 |
| 001 |
44441 |
| 003 |
BD-DhAAL |
| 005 |
20250521143801.0 |
| 008 |
250521t2025 sz a|||| ||||f00| 0 eng d |
| 040 |
|
|
|a BD-DhAAL
|c BD-DhAAL
|
| 082 |
|
|
|a 341.48
|2 23
|
| 245 |
|
|
|a Office of the High Commissioner for Human Rights (OHCHR) fact-finding report :
|b human rights violations and abuses related to the protests of July and August 2024 in Bangladesh.
|
| 260 |
|
|
|a Geneva, Switzerland :
|b United Nations, Office of the United Nations High Commissioner for Human Rights,
|c 2025.
|
| 300 |
|
|
|a vii, 105 pages :
|b illustrations ;
|c 28 cm
|
| 541 |
|
|
|a Complimentary copy from the Chief Advisor of Bangladesh via a student of BRACU named- Ayesha Siddiqua Tithi (who was part of July 2024 movement) and Ayesha Abed Library receieved the book from Dr. Sadia Hamid Kazi (Chairperson and Associate Professor of Department of Computer Science and Engineering)
|e 44441
|
| 650 |
|
|
|a Human rights.
|9 7887
|
| 650 |
|
|
|a Human rights
|x Government policy.
|9 40440
|
| 650 |
|
|
|a Human rights monitoring
|x Congresses.
|9 58390
|
| 650 |
|
|
|a Human rights
|z Bangladesh.
|
| 650 |
|
|
|a Civil rights demonstrations
|z Bangladesh.
|9 58389
|
| 651 |
|
|
|a Bangladesh
|x politics and government
|y 2024-
|9 57233
|
| 710 |
|
|
|a United Nations.
|b Office of the United Nations High Commissioner for Human Rights (OHCHR).
|9 58388
|
| 852 |
|
|
|a Ayesha Abed Library
|
| 856 |
|
|
|z OHCHR Fact-Finding Report
|u https://www.ohchr.org/sites/default/files/documents/countries/bangladesh/ohchr-fftb-hr-violations-bd.pdf
|
| 942 |
|
|
|2 ddc
|c BK
|
| 999 |
|
|
|c 47303
|d 47303
|
| 952 |
|
|
|0 0
|1 0
|2 ddc
|4 0
|6 341_480000000000000_OFF
|7 0
|9 77814
|a BRACUL
|b BRACUL
|c CIR
|d 2025-05-21
|e Complimentary copy from the Chief Advisor of Bangladesh via a student of BRACU named- Ayesha Siddiqua Tithi (who was part of July 2024 movement) and Ayesha Abed Library receieved the book from Dr. Sadia Hamid Kazi (Chairperson and Associate Professor of Department of Computer Science and Engineering)
|l 0
|o 341.48 OFF
|p 3010044441
|r 2025-05-21
|t 1
|w 2025-05-21
|y 1HOUR
|x Complimentary copy from the Chief Advisor of Bangladesh via a student of BRACU named- Ayesha Siddiqua Tithi (who was part of July 2024 movement) and Ayesha Abed Library receieved the book from Dr. Sadia Hamid Kazi (Chairperson and Associate Professor of Department of Computer Science and Engineering)
|